Communes de Seine-Saint-Denis - Statistiques

Statistiques générales
  • Ce quiz a été pris 801 fois
  • Le résultat moyen est 23 sur 40
Statistiques - réponses
Population Commune % Correct
109 343 Saint-Denis
94%
77 452 Aubervilliers
85%
49 802 Bobigny
82%
82 634 Aulnay-sous-Bois
81%
104 139 Montreuil
81%
52 865 Bondy
74%
49 465 Sevran
74%
62 241 Drancy
73%
40 678 La Courneuve
73%
53 471 Pantin
70%
41 125 Noisy-le-Sec
69%
68 834 Noisy-le-Grand
67%
43 802 Rosny-sous-Bois
64%
47 534 Saint-Ouen
61%
36 365 Stains
61%
22 819 Les Lilas
60%
30 725 Clichy-sous-Bois
59%
25 946 Montfermeil
59%
35 329 Villepinte
59%
35 984 Bagnolet
58%
14 261 Le Raincy
56%
34 614 Tremblay-en-France
55%
39 276 Gagny
54%
52 797 Le Blanc-Mesnil
54%
15 708 Le Bourget
53%
54 857 Épinay-sur-Seine
52%
29 165 Villemomble
52%
25 657 Romainville
51%
43 099 Livry-Gargan
50%
10 216 Dugny
46%
20 840 Neuilly-Plaisance
46%
34 756 Neuilly-sur-Marne
46%
12 451 Villetaneuse
42%
17 908 Le Pré-Saint-Gervais
39%
6 982 L'Île-Saint-Denis
36%
4 713 Coubron
35%
28 459 Pierrefitte-sur-Seine
34%
6 828 Vaujours
34%
22 680 Les Pavillons-sous-Bois
32%
6 663 Gournay-sur-Marne
27%
Aucun quiz correspondant
Distribution des résultats
% des personnes avec chaque résultat
Percentile par nombre de réponses
Votre historique - résultats
Vous n’avez pas pris ce quiz